Kriminologische Gegenwartsfragen / 16 Humangenetik und Kriminologie, Kinderdelinquenz und Frühkriminalität / hrsg. von Hans Göppinger ...
| Autor Corporativo: | |
|---|---|
| Otros Autores: | |
| Tipo de documento: | Print Libro |
| Lenguaje: | Alemán |
| Publicado: |
Stuttgart
Enke
1984
|
| En: |
Kriminologische Gegenwartsfragen
Año: 1984 |
| Disponibilidad en Tübingen: | Disponible en Tübingen. IFK: S IV 16 UB: Hi 1370-22 |
| Verificar disponibilidad: | HBZ Gateway |
| Servicio de pedido Subito: | Pedir ahora. |
| Volúmenes / Artículos: | Mostrar volumes / artículos. |
| Palabras clave: |
MARC
| LEADER | 00000cam a2200000 cc4500 | ||
|---|---|---|---|
| 001 | 1079222189 | ||
| 003 | DE-627 | ||
| 005 | 20240425191105.0 | ||
| 007 | tu | ||
| 008 | 850101s1984 xx ||||| 00| ||ger c | ||
| 020 | |a 3432920318 | ||
| 035 | |a (DE-627)1079222189 | ||
| 035 | |a (DE-576)009222189 | ||
| 035 | |a (DE-599)BSZ009222189 | ||
| 035 | |a (OCoLC)1195510789 | ||
| 035 | |a (DE-604)8076115313 | ||
| 040 | |a DE-627 |b ger |c DE-627 |e rakwb | ||
| 041 | |a ger | ||
| 084 | |a MS 2400 |2 rvk |0 (DE-625)rvk/123637: | ||
| 084 | |a PH 8420 |2 rvk |0 (DE-625)rvk/136501: | ||
| 084 | |a PH 8000 |2 rvk |0 (DE-625)rvk/136482: | ||
| 245 | 0 | 0 | |a Kriminologische Gegenwartsfragen |n 16 |p Humangenetik und Kriminologie, Kinderdelinquenz und Frühkriminalität / hrsg. von Hans Göppinger ... |
| 249 | |a Kinderdelinquenz und Frühkriminalität : vom 13. Oktober 1983 in Bern | ||
| 264 | 1 | |a Stuttgart |b Enke |c 1984 | |
| 300 | |a VI, 194 S. |b graph. Darst. | ||
| 336 | |a Text |b txt |2 rdacontent | ||
| 337 | |a ohne Hilfsmittel zu benutzen |b n |2 rdamedia | ||
| 338 | |a Band |b nc |2 rdacarrier | ||
| 490 | 1 | |a Bericht über die Tagung der Gesellschaft für die Gesamte Kriminologie |v 22 | |
| 490 | 1 | |a Mitteilungen der Gesellschaft für die Gesamte Kriminologie |v 22 | |
| 583 | 1 | |a Archivierung/Langzeitarchivierung gewährleistet |f PEBW |x XA-DE-BW |2 pdager |5 DE-24 | |
| 700 | 1 | |a Göppinger, Hans |d 1919-1996 |e Hrsg. |0 (DE-588)118855042 |0 (DE-627)079630804 |0 (DE-576)161140394 |4 edt | |
| 710 | 2 | |a Gesellschaft für die Gesamte Kriminologie |0 (DE-588)37309-6 |0 (DE-627)100853307 |0 (DE-576)190351810 |4 oth | |
| 773 | 1 | 8 | |a Kriminologische Gegenwartsfragen |w (DE-627)129471593 |w (DE-576)014841185 |w (DE-600)202561-9 |x 0075-7136 |g 16 |q 16 |7 nnas |
| 810 | 2 | |a Gesellschaft für die Gesamte Kriminologie |t Bericht über die Tagung der Gesellschaft für die Gesamte Kriminologie |v 22 |9 22 |w (DE-627)130298875 |w (DE-576)015877833 |w (DE-600)580401-2 |7 am | |
| 810 | 2 | |a Gesellschaft für die Gesamte Kriminologie |t Mitteilungen der Gesellschaft für die Gesamte Kriminologie |v 22 |9 22 |w (DE-627)12932745X |w (DE-576)014572907 |w (DE-600)133191-7 |x 0172-9438 |7 am | |
| 935 | |i SLoT | ||
| 936 | r | v | |a MS 2400 |b Jugendkriminalität und -verwahrlosung |k Soziologie |k Spezielle Soziologien |k Jugendsoziologie |k Jugendkriminalität und -verwahrlosung |0 (DE-627)1271440997 |0 (DE-625)rvk/123637: |0 (DE-576)201440997 |
| 936 | r | v | |a PH 8420 |b Kinderkriminalität; Jugendkriminalität; Frauenkriminalität, Mädchenkriminalität; Alterskriminalität; Ausländerkriminalität |k Rechtswissenschaft |k Strafrecht, Strafverfahrensrecht, Kriminologie |k Kriminologie |k Soziale Profile; Soziale Gruppen; Tätergemeinschaften (hier auch: Internationale Kriminalität) |k Kinderkriminalität; Jugendkriminalität; Frauenkriminalität, Mädchenkriminalität; Alterskriminalität; Ausländerkriminalität |0 (DE-627)1271674998 |0 (DE-625)rvk/136501: |0 (DE-576)201674998 |
| 936 | r | v | |a PH 8000 |b Schriftenreihen, Serien, Kongressberichte, Sammelwerke |k Rechtswissenschaft |k Strafrecht, Strafverfahrensrecht, Kriminologie |k Kriminologie |k Allgemeines |k Schriftenreihen, Serien, Kongressberichte, Sammelwerke |0 (DE-627)127212715X |0 (DE-625)rvk/136482: |0 (DE-576)20212715X |
| 951 | |a MV | ||
| ELC | |b 1 | ||
| LOK | |0 000 xxxxxcx a22 zn 4500 | ||
| LOK | |0 001 2617106276 | ||
| LOK | |0 003 DE-627 | ||
| LOK | |0 004 1079222189 | ||
| LOK | |0 005 20091211122831 | ||
| LOK | |0 008 091211||||||||||||||||ger||||||| | ||
| LOK | |0 040 |a DE-21 |c DE-627 |d DE-21 | ||
| LOK | |0 852 |a DE-21 | ||
| LOK | |0 852 1 |c Hi 1370-22 |9 00 | ||
| LOK | |0 935 |a dika |a tub3 | ||
| LOK | |0 939 |a 11-12-09 |b l01 | ||
| LOK | |0 000 xxxxxcx a22 zn 4500 | ||
| LOK | |0 001 2073354157 | ||
| LOK | |0 003 DE-627 | ||
| LOK | |0 004 1079222189 | ||
| LOK | |0 005 20141210105810 | ||
| LOK | |0 008 940411||||||||||||||||ger||||||| | ||
| LOK | |0 040 |a DE-21-110 |c DE-627 |d DE-21-110 | ||
| LOK | |0 689 |a s |a Frühkriminalität | ||
| LOK | |0 852 |a DE-21-110 | ||
| LOK | |0 852 1 |c S IV 16 |m p |9 00 | ||
| LOK | |0 935 |a k110 |a t110 | ||
| LOK | |0 936ln |a 8.5.5 | ||
| LOK | |0 938 |a 7912 | ||
| LOK | |0 938 |k p | ||
| LOK | |0 939 |a 11-04-94 |b l01 | ||
| LOK | |0 000 xxxxxcx a22 zn 4500 | ||
| LOK | |0 001 2830811461 | ||
| LOK | |0 003 DE-627 | ||
| LOK | |0 004 1079222189 | ||
| LOK | |0 005 20150122100810 | ||
| LOK | |0 008 150122||||||||||||||||ger||||||| | ||
| LOK | |0 040 |a DE-21-121 |c DE-627 |d DE-21-121 | ||
| LOK | |0 541 |e 1986/0336 | ||
| LOK | |0 689 |a s |a Genetische Krankheit | ||
| LOK | |0 689 |a s |a Kriminalität | ||
| LOK | |0 689 |a s |a Genetischer Fingerabdruck | ||
| LOK | |0 852 |a DE-21-121 | ||
| LOK | |0 852 1 |c medP C.2. 3 |m p |9 00 | ||
| LOK | |0 866 |x Bibdia: 1595 | ||
| LOK | |0 935 |a k121 |a i121 | ||
| LOK | |0 938 |k p | ||
| LOK | |0 939 |a 22-01-15 |b l01 | ||
| LOK | |0 000 xxxxxcx a22 zn 4500 | ||
| LOK | |0 001 2073353908 | ||
| LOK | |0 003 DE-627 | ||
| LOK | |0 004 1079222189 | ||
| LOK | |0 005 19990510000000 | ||
| LOK | |0 008 990510||||||||||||||||ger||||||| | ||
| LOK | |0 040 |a DE-Frei85 |c DE-627 |d DE-Frei85 | ||
| LOK | |0 852 |a DE-Frei85 | ||
| LOK | |0 852 1 |m p |9 00 | ||
| LOK | |0 938 |k p | ||
| LOK | |0 939 |a 10-05-99 |b l01 | ||
| ORI | |a WA-MARC-krimdokb001.raw | ||
| SIG | |a IFK: S IV 16 | ||
| SIG | |a UB: Hi 1370-22 | ||
| SPR | |a 1 |t KRI | ||
